Diario de un viaje a California: 1848-1849

Saved in:
Bibliografiske detaljer
Hovedforfatter: Pérez Rosales, Vicente (Author)
Format: Bog
Sprog:spansk
Udgivet: Buenos Aires Francisco de Aguirre 1971
Udgivelse:2a. ed
Serier:Biblioteca Antártica, 13
Fag:
Tags: Tilføj Tag
Ingen Tags, Vær først til at tagge denne postø!

MARC

LEADER 00000nam a2200000 a 4500
001 UCQ6921
003 CL-VaPUC
008 981023e19710000AG |||||||||||||||||spa|d
082 0 4 |a 928.83  |b PER  |2 21 
100 0 |a Pérez Rosales, Vicente  |e author  |9 346608 
245 1 0 |a Diario de un viaje a California: 1848-1849 
250 |a 2a. ed 
300 |a 179 p 
942 |c BK 
945 |d 19981023 00:00:00  |a crobeson 
260 |a Buenos Aires  |b Francisco de Aguirre  |c 1971 
650 0 |a Autobiografías   |9 265171 
650 0 |a Diarios   |9 420844 
650 0 |a Literatura chilena   |9 308278 
583 |a last modification  |c 19981023 00:00:00  |k Rodrigo Vera 
490 0 |a Biblioteca Antártica, 13 
999 |c 276818  |d 276816 
952 |0 0  |1 0  |4 0  |6 928_830000000000000_PER_1971  |7 0  |8 A  |9 314302  |a BIBEDU  |b BIBEDU  |d 2019-11-20  |i 1486349  |o 928.83 PER 1971  |p 1486349  |r 2019-11-20  |w 2019-11-20  |y BK  |k LIT